00236nam a2200085Ia 4500001000800000005001700008008004100025245005900066260002500125125037620251031150855.0251031s9999 xx 000 0 und d 0cTARIK BUĞRAaE-1 BİR BEN VARDIR BENDEN İÇERİ bÖTÜKEN YAYINLARI